|
|
|
|
| LEADER |
00000nbm0a2200000 4500 |
| 001 |
359620 |
| 005 |
20231102011215.0 |
| 035 |
|
|
|a (RuTPU)RU\TPU\retro\16900
|
| 090 |
|
|
|a 359620
|
| 100 |
|
|
|a 20201120d1941 k y0rusy50 ca
|
| 101 |
0 |
|
|a rus
|
| 102 |
|
|
|a RU
|
| 105 |
|
|
|a af p 001zy
|
| 200 |
1 |
|
|a Отчет по инженерно-геологическим работам под технический проект водопровода в г. Томске
|e инженерно-геологические и гидрогеологические условия площадки головных сооружений и трасс водоводов проектируемого в г. Томске
|f Перцев ; сост. Левина
|v Т. 1
|
| 210 |
|
|
|a Томск
|c [Б. и.]
|d 1941
|
| 215 |
|
|
|a 70 с.
|c ил.
|
| 300 |
|
|
|a Машинопись
|
| 320 |
|
|
|a Библиогр.: с. 68-70
|
| 606 |
1 |
|
|a Инженерно-геологические исследования
|2 stltpush
|3 (RuTPU)RU\TPU\subj\76834
|9 87639
|
| 610 |
1 |
|
|a коллекция ТПУ
|
| 610 |
1 |
|
|a отчеты о НИР
|
| 610 |
1 |
|
|a Томск
|
| 610 |
1 |
|
|a водопроводы
|
| 610 |
1 |
|
|a проектирование
|
| 610 |
1 |
|
|a гидрография
|
| 610 |
1 |
|
|a геоморфология
|
| 610 |
1 |
|
|a рельеф
|
| 610 |
1 |
|
|a гидрогеология
|
| 610 |
1 |
|
|a геология
|
| 610 |
1 |
|
|a водозаборы
|
| 610 |
1 |
|
|a насосные станции
|
| 610 |
1 |
|
|a очистные сооружения
|
| 675 |
|
|
|a 624.131.31
|v 4
|
| 702 |
|
1 |
|a Перцев
|4 677
|
| 702 |
|
1 |
|a Левина
|4 220
|
| 801 |
|
1 |
|a RU
|b 63413507
|c 20201120
|
| 801 |
|
2 |
|a RU
|b 63413507
|c 20201123
|g RCR
|
| 942 |
|
|
|c BK
|